| 000 -LEADER |
| fixed length control field |
00982nam a22001937a 4500 |
| 005 - DATE AND TIME OF LATEST TRANSACTION |
| control field |
20231113102920.0 |
| 008 - FIXED-LENGTH DATA ELEMENTS--GENERAL INFORMATION |
| fixed length control field |
231113s1968 ru ||||| |||| 00| 0 rus d |
| 041 ## - LANGUAGE CODE |
| Language code of text/sound track or separate title |
rus |
| 080 ## - UNIVERSAL DECIMAL CLASSIFICATION NUMBER |
| Universal Decimal Classification number |
94(479.22-21) +394.014(479.22) A-76 |
| 100 ## - MAIN ENTRY--PERSONAL NAME |
| Personal name |
Апакидзе, А. |
| 9 (RLIN) |
18362 |
| 245 ## - TITLE STATEMENT |
| Title |
Города древней Грузии = ქალაქები ძველ საქართველოში / |
| Statement of responsibility, etc. |
А. Апакидзе. |
| 264 ## - PRODUCTION, PUBLICATION, DISTRIBUTION, MANUFACTURE, AND COPYRIGHT NOTICE |
| Place of production, publication, distribution, manufacture |
Тбилиси : |
| Name of producer, publisher, distributor, manufacturer |
Мецниереба, |
| Date of production, publication, distribution, manufacture, or copyright notice |
1968. |
| 300 ## - PHYSICAL DESCRIPTION |
| Extent |
296 стр.: |
| Other physical details |
ил.; |
| Dimensions |
22 см. |
| 653 ## - INDEX TERM--UNCONTROLLED |
| keyword |
საქართველოს ქალაქების ისტორია |
| 653 ## - INDEX TERM--UNCONTROLLED |
| keyword |
სამოქალაქო ცხოვრება საქართველოში. |
| 653 ## - INDEX TERM--UNCONTROLLED |
| keyword |
არქეოლოგიური გათხრები საქართველოში. |
| 653 ## - INDEX TERM--UNCONTROLLED |
| keyword |
ქართველების წეს-ჩვეულებები |
| 942 ## - ADDED ENTRY ELEMENTS (KOHA) |
| Source of classification or shelving scheme |
|
| Koha item type |
წიგნი |